000 00570cam a22002053a 4500
001 39028
003 PGUSA
005 20140828083849.0
008 120302s2012||||xxu|||||s|||||000 | eng d
040 _aPGUSA
_beng
042 _adc
100 1 _aBowring, John,
_d1792-1872
245 1 0 _aServian Popular Poetry
_h[electronic resource] /
_cJohn Bowring
260 _bProject Gutenberg,
_c2012
506 _aPublic domain in the USA.
516 _aElectronic text
830 0 _aProject Gutenberg
_v39028
856 4 0 _uhttp://www.gutenberg.org/ebooks/39028
942 _cEB
999 _c268281
_d268281